Random Empire to Leader-DOTJE - Statistics

General Stats
  • This quiz has been taken 32 times
  • The average score is 5 of 10
Answer Stats
Empire Leader % Correct
Imperium Sanctus Cathlete
100%
Empire’s Empire JetPunker180
100%
Macedonian Empire Thegoatisgoaty/Alexander the Great
100%
Grande Empire Napoleon Bonaparte
67%
Nauru Empire Afghabwe
50%
British Isles Empire BigGeographyGuy
50%
Great Southern Empire Geopro
50%
Empire of the Minas Gerais MG17
50%
Sawiwi ChineseChen/Ethaboo444/Dhruv
33%
Chilefornia TheNatureThread
33%
Greater Indian Empire Aficionado
0%
Vampire Empire Angbo
0%
GrandOldLand ClutchNferno
0%
Middle Earth Empire ducklingpanda1245
0%
Pacific Empire FacterLiger0804
0%
Republic of Carolina JackQuizzer
0%
Veggie Caliphate MiecraftMan
0%
Duchy of Wyvernia NiobiumVoid
0%
Palapyan-Botswanan Caliphate QuizzerBros
0%
Svalbard Qy
0%
Blaze Empire Solomon Blaze
0%
Med-Atlantic Empire Turnbacktwo
0%
Imperial Union ZooTuber3000
0%
No matching quizzes found
Score Distribution
Percent of People with Each Score
Percentile by Number Answered
Your Score History
You have not taken this quiz